| 000 | 01364nam a2200241Ia 4500 | ||
|---|---|---|---|
| 003 | Ost | ||
| 005 | 20260507075336.0 | ||
| 008 | 260507s9999||||xx |||||||||||||| ||und|| | ||
| 020 | _a9789957720179 | ||
| 040 | _cfsecg | ||
| 041 | _aara | ||
| 082 | _a330 | ||
| 100 |
_aعبد الباري، طارق _eمؤلف |
||
| 245 | 0 |
_aتطبيقات الرياضة المالية في العلوم المالية و الادارية / _c طارق عبد الباري |
|
| 260 |
_aعمان: _bدار زمزم, _c2009 |
||
| 300 |
_a280 صفحة؛ _bإيضاحات ؛ _c25 سم |
||
| 520 | _aالفائدة و الجملة بمعدل فائدة بسيطة و القيمة الحالية و الخصم بمعدل فائدة بسيطة و خصم الأوراق التجارية و تسوية و استبدال الديون قصيرة الاجل بمعدل فائدة بسيطة ، الدفعات المتساوية (الجملة و القيمة الحالية للدفعات بمعدل فائدة بسيطة )، سداد أو استهلاك القروض قصيرة الاجل بمعدل فائدة بسيطة مع تناول نفس المعطيات مع الفائدة المركبة | ||
| 653 | _aالإدارة | ||
| 653 | _aالإقتصاد الرياضي | ||
| 653 | _aالمالية | ||
| 700 |
_aأبو بكر، عيد _eمؤلف ثانوي |
||
| 942 | _cكتاب | ||
| 999 |
_c44051 _d44051 |
||